Normal view
MARC view
- Aamish Raza Bhatti, Adnan Ahmad Awan, Asad Ur Rehman Rana
Entry Personal Name
001 - CONTROL NUMBER
- control field: 71576
003 - CONTROL NUMBER IDENTIFIER
- control field: NUST
005 - DATE AND TIME OF LATEST TRANSACTION
- control field: 20210628204642.0
008 - FIXED-LENGTH DATA ELEMENTS
- fixed length control field: 210628|| aca||aabn | a|a d
040 ## - CATALOGING SOURCE
- Original cataloging agency: NUST
- Transcribing agency: NUST
100 ## - HEADING--PERSONAL NAME
- Personal name: Aamish Raza Bhatti, Adnan Ahmad Awan, Asad Ur Rehman Rana
670 ## - SOURCE DATA FOUND
- Source citation: Work cat.: (NUST): Aamish Raza Bhatti, Adnan Ahmad Awan, Asad Ur Rehman Rana, PR-SOF-1467-Design and Fabrication of Single Stage Miniature Desalination Unit, 2015
